Desarrollo curricular para la educación de personas jóvenes y adultos aportes para el debate y la reflexión. (Record no. 8414)
[ view plain ]
| 000 -LEADER | |
|---|---|
| campo de control de longitud fija | 00484nam a2200133Ia 4500 |
| 001 - NÚMERO DE CONTROL | |
| campo de control | 814 |
| 008 - DATOS DE LONGITUD FIJA--INFORMACIÓN GENERAL | |
| campo de control de longitud fija | 241024s9999 xx 000 0 und d |
| 082 ## - NÚMERO DE LA CLASIFICACIÓN DECIMAL DEWEY | |
| Número de clasificación | RD/375/R426d/1999 |
| 100 ## - ENTRADA PRINCIPAL--NOMBRE DE PERSONA | |
| Nombre de persona | República Dominicana.Secretaría de Estado de Educación |
| 245 #0 - MENCIÓN DEL TÍTULO | |
| Título | Desarrollo curricular para la educación de personas jóvenes y adultos aportes para el debate y la reflexión. |
| 260 ## - PUBLICACIÓN, DISTRIBUCIÓN, ETC. | |
| Nombre del editor, distribuidor, etc. | Dirección General de Educación de Adultos |
| Fecha de publicación, distribución, etc. | 1999 |
| 901 ## - ELEMENTOS DE DATOS A LOCAL LDA (RLIN) | |
| a | 3/12/2010 9:58:01 a.m. |
No items available.